000 00447nam a22001577a 4500
003 OSt
005 20241206121450.0
008 241206b |||||||| |||| 00| 0 eng d
020 _a9783110313369
082 _a220.3
100 _aMidrash
245 _aEncyclopedia of the Bible and its reception Vol.-19
_cby, Midrash and Aggadah Mourning
260 _aBerlin
_bWalter de Gruyter
_c2021
700 _aMourning, Aggadah
_eAuthor
942 _2ddc
_cBK
999 _c27957
_d27957